عرض عادي
عرض مارك
- بيتجر، فرانك،
دخول Personal Name
001 - CONTROL NUMBER
- control field: 25651
003 - CONTROL NUMBER IDENTIFIER
- control field: AE-AdECS
005 - DATE AND TIME OF LATEST TRANSACTION
- control field: 20260126100654.0
008 - FIXED-LENGTH DATA ELEMENTS
- fixed length control field: 260126|| aca||aabn | a|a d
040 ## - CATALOGING SOURCE
- Original cataloging agency: AE-AdECS
- Transcribing agency: AE-AdECS
100 ## - HEADING--PERSONAL NAME
- Personal name: بيتجر، فرانك،
670 ## - SOURCE DATA FOUND
- Source citation: Work cat.: (AE-AdECS)293931: بيتجر، فرانك، مؤلف., كيف تصل إلى النجاح و الثروة في عملك ؟ /
